Eurovision 2025 Bilderquiz Anime Teil 2 - Statistiken

Allgemein
  • Dieses Quiz wurde 21 mal gespielt
  • Das Durchschnittsergebnis liegt bei 9 aus 12
Antwortstatistiken
Bildquiz Antwort % Korrekt
Lettland
100%
Niederlande
100%
Norwegen
89%
Großbritannien
84%
Frankreich
79%
Portugal
79%
Israel
74%
Montenegro
68%
Tschechien
68%
Aserbaidschan
63%
Georgien
58%
Kroatien
58%
Keine übereinstimmenden Quizze gefunden
Verteilung der Resultate
Anzahl Personen mit jedem Resultat
Perzentil nach korrekt beantworteten Fragen
Ihre Resultats-Entwicklung
Sie haben dieses Quiz noch nicht gespielt